Histoire du drapeau de la Libye - Statistiques

Statistiques générales
  • Ce quiz a été pris 44 fois
  • Le résultat moyen est 9 sur 14
Statistiques - réponses
Hint Réponse % Correct
Libye italienne (1911-1943)
96%
Administration britannique de la Libye (1943-1951)
96%
Royaume de Libye (1951-1969) et Libye (drapeau actuel depuis 2011)
85%
Empire romain (-146 - 591)
85%
Empire Byzantin (591-632)
85%
Empire Ottoman (1517-1551)
81%
Deuxième drapeau de la jamahiriya arabe libyenne (1977-2011)
65%
Régence ottomane de Tripoli (1551-1911)
65%
Sultanat Mamelouk d'Égypte (1258-1517)
62%
Califat Omeyyades (661-750)
54%
Fédération des républiques arabes (1974-1977)
54%
République arabe islamique (1973-1974)
46%
Califat Rachidun (632-661) et califat Abbasside (750-1258)
38%
Premier drapeau de la jamahiriya arabe libyenne (1969-1973)
15%
Aucun quiz correspondant
Distribution des résultats
% des personnes avec chaque résultat
Percentile par nombre de réponses
Votre historique - résultats
Vous n’avez pas pris ce quiz